000 00380nam a2200145Ia 4500
008 230917s9999||||xx |||||||||||||| ||und||
040 _e132214
_aMAIN
041 _aEnglish
082 _a301.412 R13G
100 _aRai, Shirin M
245 0 _aGender politics of development: essays in hope and despair
260 _aNew Delhi
_bZubaan
_c2008
300 _a216p p.
942 _cBK
999 _c148381
_d148381